00842 a2200205 4500010001400000020001100014035001300025037001500038082001000053090001500063100001800078245018500096250001700281260004800298270009100346300002500437942002500462999001500487952013400502 aENG-87963 c120.00 aEN-71497 bDBAD / PUB14a658.3 c7614d76141 aRao, P. Subba1 aHuman resource management :bas per new syllabus of subject, Human Resource Management for second semester, first year B.Com, Bangalore University w.e.f. 2004-05 /cby P. Subba Rao a3rd rev. ed. aNew DelhibHimalaya Publishing Housec2007 aPooja Apartments, 4-B, Murari Lal Street, Ansari Road, Darya GanjbNew Delhie110 002 a209 p.c24 cm (pbk) adplcENk658.3 / RAO c7481d7481 00102ddc40718NFICaDBADbDBADeDBAD/PUBg120.00l0o658.3 RAOpEN-71496r2008-09-15 00:00:00t1u8365v120.00w2008-09-15yEN